书目信息 |
| 题名: |
河南自助游
|
|
| 作者: | ;上海唐码城邦咨询公司 编著 | |
| 分册: | ||
| 出版信息: | 北京 人民邮电出版社 2010.7 |
|
| 页数: | 230页 | |
| 开本: | 21cm | |
| 丛书名: | ||
| 单 册: | ||
| 中图分类: | K928.961 | |
| 科图分类: | ||
| 主题词: | 导游--河南省 , 导游 | |
| 电子资源: | ||
| ISBN: | 978-7-115-23015-7 | |
| 000 | 00965nam0 2200253 45 | |
| 001 | 512 | |
| 005 | 20120604092559.43 | |
| 010 | @a978-7-115-23015-7@dCNY36.00 | |
| 100 | @a20120328d2010 em y0chiy0110 ea | |
| 101 | 0 | @achi |
| 102 | @aCN@b110000 | |
| 105 | @aa z 000yy | |
| 106 | @ar | |
| 200 | 1 | @a河南自助游@AHe Nan Zi Zhu You@f上海唐码城邦咨询有限公司北京分公司编著@FShang Hai Tang Ma Cheng Bang Zi Xun You Xian Gong Si Bei Jing Fen Gong Si Bian Zhu |
| 210 | @a北京@c人民邮电出版社@d2010.7 | |
| 215 | @a230页@c彩图@d21cm | |
| 300 | @a藏羚羊旅行指南 藏羚羊自助游系列 | |
| 330 | @a本书介绍了河南的主要景点,为读者提供了河南的历史、地理、气候、民俗等方面的背景资料,并从旅行专家的角度给读者提出了一些旅行建议。 | |
| 606 | 0 | @a导游@y河南省 |
| 606 | 0 | @a导游 |
| 690 | @aK928.961@v4 | |
| 711 | 02 | @a上海唐码城邦咨询公司@AShang Hai Tang Ma Cheng Bang Zi Xun Gong Si@b北京分公司@4编著 |
| 801 | 0 | @aCN@bTSTCL@c20120328 |
| 905 | @b0814790-92@dK928.961@e578@f3 | |
| 河南自助游/上海唐码城邦咨询有限公司北京分公司编著.-北京:人民邮电出版社,2010.7 |
| 230页:彩图;21cm |
| 藏羚羊旅行指南 藏羚羊自助游系列 |
| ISBN 978-7-115-23015-7:CNY36.00 |
| 本书介绍了河南的主要景点,为读者提供了河南的历史、地理、气候、民俗等方面的背景资料,并从旅行专家的角度给读者提出了一些旅行建议。 |
| ● |
| 相关链接 |
|
|
|
|
正题名:河南自助游
索取号:K928.961/578
 
预约/预借
| 序号 | 登录号 | 条形码 | 馆藏地/架位号 | 状态 | 备注 |
| 1 | 0814790 | 208147904 | 第二样本阅览室/ [索取号:K928.961/578] | 在馆 | |
| 2 | 0814791 | 208147913 | 第二借阅区/ [索取号:K928.961/578] | 在馆 | |
| 3 | 0814792 | 208147922 | 第二借阅区/ [索取号:K928.961/578] | 在馆 |